[Event "Mondiale Lampo FIDE 2022"]
[Site "Alma Ata"]
[Date "29.12.2022"]
[Round "5.43"]
[White "Harikrishna, Pentala"]
[Black "Svane, Frederik"]
[Result "1-0"]
[WhiteTitle ""]
[BlackTitle ""]
[WhiteElo "2705"]
[BlackElo "2568"]
[WhiteFideId "5007003"]
[BlackFideId "12923044"]
[EventDate "29.12.2022"]

1. Nf3 c5 2. c4 g6 3. g3 Nc6 4. Bg2 Bg7 5. Nc3 d6 6. d3 Qd7 7. Qd2 b6 8. b3 Bb7
9. Bb2 h5 10. Nd5 Kf8 11. Bxg7+ Kxg7 12. Qb2+ f6 13. h4 Nh6 14. Bh3 Qd8 15. Nf4
Kh7 16. Ng5+ fxg5 17. Ne6 Ne5 18. Nxd8 Raxd8 19. hxg5 Bxh1 20. gxh6 Kxh6 21. f3
Bxf3 22. Qd2+ g5 23. O-O-O Bc6 24. Bf5 Rdf8 25. e4 Rf6 26. Rh1 Be8 27. d4 cxd4
28. Qxd4 Bg6 29. g4 h4 30. Qe3 Kg7 31. Qxg5 h3 32. Qe3 h2 33. Qg3 e6 34. Rxh2
Rxh2 35. Qxh2 exf5 36. gxf5 Bf7 37. Qh4 Nd7 38. Qg5+ Kf8 39. Kd2 Ke7 40. Qg7 Ne5
41. Qh8 Be8 42. Ke3 Rf7 43. Qh4+ Kd7 44. Qh8 Kc7 45. Kd4 Bc6 46. b4 Nf3+ 47. Ke3
Ne5 48. c5 bxc5 49. bxc5 Ng4+ 50. Kf4 Nf6 51. cxd6+ Kb7 52. e5 Nd5+ 53. Kg5 Ne3
54. f6 Bd7 55. Kg6 Be6 56. Qe8 Bxa2 57. e6 1-0

[Event "Mondiale Lampo FIDE 2022"]
[Site "Alma Ata"]
[Date "29.12.2022"]
[Round "5.44"]
[White "Dardha, Daniel"]
[Black "Indjic, Aleksandar"]
[Result "0-1"]
[WhiteTitle ""]
[BlackTitle ""]
[WhiteElo "2606"]
[BlackElo "2636"]
[WhiteFideId "240990"]
[BlackFideId "911925"]
[EventDate "29.12.2022"]

1. d4 Nf6 2. Bg5 d5 3. e3 g6 4. Bxf6 exf6 5. g3 Bd6 6. Bg2 c6 7. Nd2 Be6 8. Ne2
f5 9. O-O Nd7 10. b3 h5 11. c4 h4 12. cxd5 cxd5 13. Nf3 hxg3 14. hxg3 Kf8 15.
Nf4 g5 16. Nd3 Qf6 17. Rc1 Kg7 18. Nde5 Nb6 19. Qd2 Rh5 20. Rfd1 Rah8 21. Kf1
Nc8 22. Nd3 Ne7 23. Nfe5 Rh2 24. Nf3 R2h5 25. Ke2 Ng6 26. Rh1 f4 27. gxf4 gxf4
28. Rxh5 Rxh5 29. Rh1 Bg4 30. Rxh5 Bxh5 31. Kf1 Qf5 32. exf4 Bxf4 33. Nxf4 Nxf4
34. Ne1 Be2+ 35. Kg1 Bg4 36. Qe3 Qf6 37. Nd3 Ne2+ 38. Kf1 Nxd4 39. Ne5 Qh4 40.
Nxg4 Qxg4 0-1

[Event "Mondiale Lampo FIDE 2022"]
[Site "Alma Ata"]
[Date "29.12.2022"]
[Round "5.45"]
[White "Bologan, Victor"]
[Black "Idani, Pouya"]
[Result "1/2-1/2"]
[WhiteTitle ""]
[BlackTitle ""]
[WhiteElo "2574"]
[BlackElo "2637"]
[WhiteFideId "13900048"]
[BlackFideId "12510130"]
[EventDate "29.12.2022"]

1. e4 c6 2. d4 d5 3. e5 c5 4. dxc5 e6 5. Bd3 Nd7 6. Nf3 Nxc5 7. Be2 Ne7 8. O-O
Ng6 9. c4 Be7 10. cxd5 exd5 11. Nc3 d4 12. Qxd4 Qxd4 13. Nxd4 Nxe5 14. Nd5 Bd8
15. Bb5+ Kf8 16. Re1 a6 17. Rxe5 axb5 18. Nxb5 f6 19. Nxf6 Bxf6 20. Rxc5 Bd7 21.
Nc3 Bc6 22. Bg5 Bd4 23. Rf5+ Kg8 24. Nd5 h6 25. Ne7+ Kh7 26. Nxc6 bxc6 27. Bc1
Rhb8 28. a4 Bxb2 29. Bxb2 Rxb2 30. a5 Rb5 31. Rxb5 cxb5 32. Kf1 b4 33. Ke2 b3
34. Kd3 b2 35. Rb1 Rxa5 36. Rxb2 h5 37. f4 g6 38. Rb7+ Kh6 39. Rb2 Kg7 40. g3
Kf6 41. Ke4 Ra4+ 42. Kf3 Ra3+ 43. Kg2 Ra5 44. Re2 Rb5 45. Kf3 Rb3+ 46. Re3 Rb2
47. Re2 Rb3+ 48. Kf2 Rb5 49. h3 g5 50. Kf3 gxf4 51. gxf4 Kf5 52. Re3 Ra5 53. Kg3
Rb5 54. Rf3 Rb4 55. Ra3 h4+ 56. Kg2 Kxf4 1/2-1/2

[Event "Mondiale Lampo FIDE 2022"]
[Site "Alma Ata"]
[Date "29.12.2022"]
[Round "5.46"]
[White "Muradli, Mahammad"]
[Black "Sankalp, Gupta"]
[Result "1-0"]
[WhiteTitle ""]
[BlackTitle ""]
[WhiteElo "2540"]
[BlackElo "2485"]
[WhiteFideId "13409301"]
[BlackFideId "5097010"]
[EventDate "29.12.2022"]

1. c4 e5 2. d3 Nc6 3. g3 f5 4. Bg2 Nf6 5. Nc3 Bb4 6. Bd2 O-O 7. e3 d6 8. Nge2
Ne7 9. O-O c6 10. f4 Ba5 11. Rb1 Be6 12. b4 Bc7 13. Qc2 Qd7 14. b5 Kh8 15. bxc6
bxc6 16. Rb7 Rfb8 17. Rfb1 Qc8 18. R7b3 Nd7 19. Na4 Nb6 20. Nxb6 Bxb6 21. Kh1
Ng8 22. Bc3 Qc7 23. Qd2 Nf6 24. h3 Re8 25. a4 Bf7 26. a5 Bxe3 27. Qxe3 exf4 28.
Qf2 fxg3 29. Nxg3 Rab8 30. Nxf5 Rxb3 31. Rxb3 Nh5 32. a6 Rb8 33. Rxb8+ Qxb8 34.
Nxg7 Kg8 1-0

[Event "Mondiale Lampo FIDE 2022"]
[Site "Alma Ata"]
[Date "29.12.2022"]
[Round "5.47"]
[White "Alonso Rosell, Alvar"]
[Black "Lintchevski, Daniil"]
[Result "0-1"]
[WhiteTitle ""]
[BlackTitle ""]
[WhiteElo "2561"]
[BlackElo "2548"]
[WhiteFideId "2270544"]
[BlackFideId "4171055"]
[EventDate "29.12.2022"]

1. d4 d5 2. c4 dxc4 3. Nf3 Nf6 4. e3 e6 5. Bxc4 c5 6. O-O a6 7. dxc5 Bxc5 8.
Qxd8+ Kxd8 9. Be2 Ke7 10. Nc3 b5 11. Nd2 Bb7 12. Nb3 Bb4 13. a3 Bxc3 14. bxc3
Ne4 15. Bb2 Bd5 16. Na5 Nc6 17. c4 bxc4 18. Nxc4 Rab8 19. a4 Rhc8 20. Ba3+ Kf6
21. Nd6 Nxd6 22. Bxd6 Ra8 23. Rfc1 a5 24. f3 Nb4 25. e4 Bb3 26. Bb5 e5 27. Rab1
Rxc1+ 28. Rxc1 Ke6 29. Bc7 Bc2 30. Bb6 Bd3 31. Bxd3 Nxd3 32. Rc6+ Kd7 33. Rc7+
Ke6 34. Kf1 Ra6 35. Rb7 Nb2 36. Bc5 Nxa4 37. Bf8 Nc3 38. Re7+ Kf6 39. Rc7 Nb5
40. Rb7 Nd4 41. Be7+ Ke6 42. Ba3 a4 43. Re7+ Kf6 44. Rd7 Nc2 45. Bc1 a3 46. Bd2
a2 47. Bc3 Rc6 48. Bb2 Rb6 49. Bc3 Rb3 50. Rd6+ Ke7 51. Bxe5 Rb5 52. Ra6 Rxe5
53. Rxa2 Nd4 54. Ra7+ Kf8 55. Kf2 g6 56. h4 h5 57. Ke3 Ne6 58. Ra3 Rb5 59. Ra6
Rb3+ 60. Kf2 Nf4 61. g3 Nd3+ 62. Ke2 Ne5 63. f4 Ng4 64. f5 Kg7 65. fxg6 fxg6 66.
Ra7+ Kh6 0-1

[Event "Mondiale Lampo FIDE 2022"]
[Site "Alma Ata"]
[Date "29.12.2022"]
[Round "5.48"]
[White "Christiansen, Johan-Sebastian"]
[Black "Ghasi, Ameet K"]
[Result "0-1"]
[WhiteTitle ""]
[BlackTitle ""]
[WhiteElo "2578"]
[BlackElo "2471"]
[WhiteFideId "1512668"]
[BlackFideId "409200"]
[EventDate "29.12.2022"]

1. e4 c6 2. d4 d5 3. Nd2 dxe4 4. Nxe4 Nf6 5. Nxf6+ exf6 6. c3 Bd6 7. Bd3 O-O 8.
Qc2 Re8+ 9. Ne2 h5 10. O-O h4 11. h3 Nd7 12. Bd2 Nf8 13. Rae1 Bd7 14. f4 Qc7 15.
c4 c5 16. d5 Re7 17. Rf2 Rae8 18. Ref1 f5 19. Nc3 g6 20. Ne2 Nh7 21. Bc3 Re3 22.
Qd2 Qd8 23. Rf3 Rxf3 24. Rxf3 Qe7 25. b3 Nf6 26. Ba1 Nh5 27. Qb2 f6 28. Qc3 Kh7
29. Bb2 a6 30. Bc1 Qd8 31. Bd2 b5 32. Be1 bxc4 33. bxc4 g5 34. fxg5 fxg5 35. Qc2
Ng7 36. Bc3 Be5 37. Qd2 Bxc3 38. Kh1 0-1

[Event "Mondiale Lampo FIDE 2022"]
[Site "Alma Ata"]
[Date "29.12.2022"]
[Round "5.49"]
[White "Urazayev, Arystanbek"]
[Black "Murzin, Volodar"]
[Result "0-1"]
[WhiteTitle ""]
[BlackTitle ""]
[WhiteElo "2465"]
[BlackElo "2561"]
[WhiteFideId "13709810"]
[BlackFideId "44155573"]
[EventDate "29.12.2022"]

1. e4 c6 2. Nf3 d5 3. exd5 cxd5 4. d4 a6 5. c3 Nc6 6. Bf4 Nf6 7. Nbd2 g6 8. Ne5
Bg7 9. Bd3 Nh5 10. Nxc6 bxc6 11. Be3 O-O 12. O-O Qc7 13. Nf3 Nf4 14. Re1 Nxd3
15. Qxd3 f6 16. Qd2 Bg4 17. Bf4 Qd7 18. Qe3 Bxf3 19. Qxf3 e5 20. Bd2 e4 21. Qg3
Rab8 22. b3 f5 23. Bf4 Rbe8 24. h4 Re6 25. Rad1 h6 26. c4 Kh7 27. cxd5 cxd5 28.
Qe3 Rc8 29. Rc1 Rec6 30. Rxc6 Qxc6 31. Be5 Qc3 32. Bxg7 Qxe3 33. fxe3 Kxg7 34.
Kf2 a5 35. Re2 g5 36. hxg5 hxg5 37. g3 Kg6 38. Rb2 Kh5 39. a3 Rc3 40. b4 a4 41.
Ke2 Kg4 42. b5 Rc8 43. Kf2 f4 44. gxf4 gxf4 45. exf4 Kxf4 46. b6 Rh8 47. Ke1 Ke3
48. Kf1 Kxd4 49. b7 Rb8 50. Ke2 Kc5 51. Ke3 Kc6 52. Rc2+ Kxb7 53. Kd4 Rd8 54.
Rc1 Kb6 55. Rc2 Rd7 56. Rc1 Rc7 57. Rb1+ Kc6 58. Rh1 Rd7 59. Rh6+ Kb5 60. Rg6 e3
61. Kxe3 Kc4 62. Rb6 Kc3 63. Rc6+ Kb3 64. Kd3 d4 65. Rb6+ Kxa3 66. Rb8 Ka2 67.
Rb6 a3 68. Rb8 Ka1 69. Kd2 Rh7 70. Kd3 Rh4 71. Rb7 a2 72. Rb8 Rh1 73. Kc2 d3+
74. Kc3 Rc1+ 75. Kxd3 Rb1 76. Ra8 Kb2 77. Rb8+ Kc1 78. Rc8+ Kd1 79. Rg8 Rb3+ 80.
Kc4 Rc3+ 81. Kd4 Rc2 82. Rg1+ Kd2 83. Ra1 Ke2 84. Rh1 Kd2 85. Ra1 Rb2 86. Kc4
Kc2 87. Rh1 Rb8 88. Rh2+ Kb1 89. Rh1+ Kb2 90. Rh2+ Ka3 91. Rh3+ Ka4 92. Rh7 Ra8
93. Rh1 Rc8+ 94. Kd3 Kb3 95. Rg1 Kb2 96. Rg2+ Kb1 97. Kd2 Rc2+ 0-1

[Event "Mondiale Lampo FIDE 2022"]
[Site "Alma Ata"]
[Date "29.12.2022"]
[Round "5.50"]
[White "Gharibyan, Mamikon"]
[Black "Ter-Sahakyan, Samvel"]
[Result "0-1"]
[WhiteTitle ""]
[BlackTitle ""]
[WhiteElo "2480"]
[BlackElo "2605"]
[WhiteFideId "13308300"]
[BlackFideId "13302531"]
[EventDate "29.12.2022"]

1. d4 Nf6 2. Bf4 d5 3. e3 c5 4. c3 Nc6 5. Nd2 Bf5 6. Ngf3 Qb6 7. Qb3 c4 8. Qxb6
axb6 9. Nh4 Bd7 10. a3 h6 11. Bc7 b5 12. h3 b4 13. cxb4 Nxb4 14. Rc1 Nc6 15. b3
cxb3 16. Nxb3 e6 17. Bb5 Rxa3 18. Nc5 Bxc5 19. dxc5 Nb4 20. Be2 Ra2 21. Nf3 O-O
22. Nd4 Nc6 23. Nxc6 Bxc6 24. Bd3 d4 25. exd4 Bxg2 26. Rg1 Be4 27. Be2 Rfa8 28.
Be5 Kh7 29. f3 Bg6 30. h4 h5 31. Kf2 Nd5 32. Rge1 Rb2 33. Kg1 Raa2 34. Bf1 Bf5
35. Bg3 Rd2 36. Be5 f6 37. Bg3 Rxd4 38. c6 bxc6 39. Rxc6 Nf4 40. Rc7 Ng6 41. Bf2
Rdd2 42. Be3 Rdc2 43. Rb7 Nxh4 0-1

[Event "Mondiale Lampo FIDE 2022"]
[Site "Alma Ata"]
[Date "29.12.2022"]
[Round "5.51"]
[White "Jumabayev, Rinat"]
[Black "Maze, Sebastien"]
[Result "1-0"]
[WhiteTitle ""]
[BlackTitle ""]
[WhiteElo "2609"]
[BlackElo "2538"]
[WhiteFideId "13702661"]
[BlackFideId "613762"]
[EventDate "29.12.2022"]

1. d4 Nf6 2. c4 g6 3. g3 Bg7 4. Bg2 O-O 5. Nf3 d6 6. Nc3 c6 7. O-O Qb6 8. h3 Qa6
9. Nd2 e5 10. d5 cxd5 11. cxd5 b5 12. Qb3 Bd7 13. Nde4 Nxe4 14. Nxe4 h6 15. Be3
f5 16. Nc3 f4 17. Bd2 fxg3 18. fxg3 Qb6+ 19. Kh2 Na6 20. Ne4 Nc5 21. Nxc5 Qxc5
22. Rac1 Qb6 23. Be3 Qb7 24. Qd3 Bf5 25. Be4 Qd7 26. g4 Bxe4 27. Qxe4 Rxf1 28.
Rxf1 Qe8 29. Rc1 Qf7 30. Qf3 Qe7 31. Qe4 Qf7 32. Kg2 Rf8 33. b3 a6 34. Bg1 h5
35. Qf3 Qe7 36. Qe4 hxg4 37. Qxg4 Kh7 38. Be3 Qf7 39. Qe4 Bh6 40. Qh4 Qg7 41.
Bxh6 Qxh6 42. Rc7+ 1-0

[Event "Mondiale Lampo FIDE 2022"]
[Site "Alma Ata"]
[Date "29.12.2022"]
[Round "5.52"]
[White "Tang, Andrew"]
[Black "Kazakov, Konstantin"]
[Result "1-0"]
[WhiteTitle ""]
[BlackTitle ""]
[WhiteElo "2540"]
[BlackElo "2385"]
[WhiteFideId "2059630"]
[BlackFideId "13700898"]
[EventDate "29.12.2022"]

1. d4 Nf6 2. c4 b6 3. f3 Nc6 4. g4 g6 5. d5 Ne5 6. g5 Nh5 7. f4 Ng4 8. Qd3 h6 9.
Qf3 hxg5 10. Qxg4 d6 11. Qxg5 Bh6 12. Qh4 e5 13. Qxd8+ Kxd8 14. Nc3 Nxf4 15. Bd2
Bf5 16. O-O-O Rc8 17. b3 a6 18. Kb2 Bg7 19. e3 Nh5 20. e4 Ng3 21. exf5 Nxh1 22.
Nf3 Nf2 23. Re1 gxf5 24. Re2 Nd3+ 25. Kc2 e4 26. Ng5 Ke7 27. a3 Rcg8 28. Bh3 Bf6
29. Ncxe4 fxe4 30. Nxe4 Ne5 31. Bf5 Bg5 32. Bxg5+ Rxg5 33. Nxg5 Kf6 34. Nxf7
Nxf7 35. Rf2 Ke7 36. Be6 Ne5 37. Rg2 Kf6 38. a4 a5 39. Kc3 Rh4 40. Rf2+ Ke7 41.
Re2 Kf6 42. Rc2 Rf4 43. Kb2 Rf3 44. Re2 Nd3+ 45. Kc2 Nc5 46. h4 Rxb3 47. h5 Ra3
48. Kb1 Rb3+ 49. Ka2 Rb4 50. Rh2 Rxa4+ 51. Kb1 Rb4+ 52. Ka2 Ra4+ 53. Kb2 Rb4+
54. Kc3 Na4+ 55. Kd4 Kg7 56. h6+ Kh8 57. Bf5 Rb2 58. Rh5 Rf2 59. h7 Nc5 60. Rg5
Rf4+ 61. Ke3 Rxf5 62. Rxf5 a4 63. Kd4 a3 64. Kc3 Ne4+ 65. Kb4 a2 66. Rf1 Kxh7
67. Ra1 Kg6 68. Rxa2 Nc5 69. Ra7 Kf6 70. Kb5 Ke5 71. Rxc7 Nd3 72. Kxb6 Kd4 73.
Kb5 Ne5 74. Rc6 Kc3 75. c5 dxc5 76. Kxc5 Kd3 77. Re6 Nd7+ 78. Kc6 Nf8 79. Rh6
Ke4 80. d6 1-0

[Event "Mondiale Lampo FIDE 2022"]
[Site "Alma Ata"]
[Date "29.12.2022"]
[Round "5.53"]
[White "Moiseenko, Alexander"]
[Black "Bilguun, Sumiya"]
[Result "1/2-1/2"]
[WhiteTitle ""]
[BlackTitle ""]
[WhiteElo "2577"]
[BlackElo "2474"]
[WhiteFideId "14102560"]
[BlackFideId "4901541"]
[EventDate "29.12.2022"]

1. d4 d5 2. c4 e6 3. Nc3 c6 4. e3 Nf6 5. Nf3 Nbd7 6. Bd3 dxc4 7. Bxc4 b5 8. Bd3
a6 9. e4 c5 10. e5 cxd4 11. Nxb5 Ng4 12. Qa4 Bb7 13. Nbxd4 Qb6 14. O-O Bc5 15.
h3 Bxf3 16. Nxf3 Nxf2 17. Be2 Nxh3+ 18. Kh2 Nf2 19. Bg5 h6 20. Bh4 g5 21. Bxf2
Bxf2 22. Rfd1 Rd8 23. Rac1 O-O 24. Rxd7 Qe3 25. Rxd8 Rxd8 26. Rd1 Rxd1 27. Qxd1
g4 28. Qd8+ Kg7 29. Qd2 gxf3 30. Qxe3 Bxe3 31. gxf3 Bd4 32. Kg2 Bxb2 33. f4 a5
34. Kf3 f6 35. exf6+ Kxf6 36. a4 Bc1 1/2-1/2

[Event "Mondiale Lampo FIDE 2022"]
[Site "Alma Ata"]
[Date "29.12.2022"]
[Round "5.54"]
[White "Agmanov, Zhandos"]
[Black "Munkhgal, Gombosuren"]
[Result "1-0"]
[WhiteTitle ""]
[BlackTitle ""]
[WhiteElo "2442"]
[BlackElo "2463"]
[WhiteFideId "13708309"]
[BlackFideId "4901266"]
[EventDate "29.12.2022"]

1. d4 Nf6 2. c4 e6 3. Nf3 d5 4. Nc3 a6 5. cxd5 exd5 6. Bg5 Be6 7. e3 Nbd7 8. Bd3
Bd6 9. O-O c6 10. Bf4 Qc7 11. Qd2 O-O 12. h3 Rad8 13. Rfe1 Rfe8 14. Rac1 Qb8 15.
Na4 Ne4 16. Qc2 f5 17. Bxd6 Qxd6 18. b4 b5 19. Nc5 Ndxc5 20. bxc5 Qc7 21. Ne5 g6
22. f3 Nf6 23. Qf2 Nd7 24. f4 Nxe5 25. fxe5 a5 26. h4 b4 27. Rb1 Rb8 28. Qg3 Qg7
29. Rb2 Qh6 30. Reb1 Ra8 31. Be2 Rf8 32. Rf1 Rab8 33. Bd1 Rb7 34. Ba4 Rc8 35. a3
Qg7 36. Rfb1 Qc7 37. h5 Kg7 38. Qg5 Qe7 39. h6+ Kf7 40. Qxe7+ Kxe7 41. axb4 Rcb8
42. b5 cxb5 43. Rxb5 Rxb5 44. Rxb5 Rxb5 45. Bxb5 Bd7 46. c6 Bc8 47. c7 Bd7 48.
Kf2 Bc8 49. Ke1 g5 50. g3 Kf7 51. Bc6 Kg6 52. Bxd5 Kxh6 53. Bc6 Kg7 54. d5 Kf7
55. Kf2 Ke7 56. e4 fxe4 57. Ke3 h5 58. Kxe4 h4 59. gxh4 gxh4 60. Kf4 Kf7 61. d6
Ke6 62. Bg2 Kf7 63. Bd5+ Ke8 64. e6 h3 65. Kg3 a4 66. Bc6+ Kf8 67. e7+ 1-0

[Event "Mondiale Lampo FIDE 2022"]
[Site "Alma Ata"]
[Date "29.12.2022"]
[Round "5.55"]
[White "Sanal, Vahap"]
[Black "Tsaruk, Maksim"]
[Result "1-0"]
[WhiteTitle ""]
[BlackTitle ""]
[WhiteElo "2597"]
[BlackElo "2373"]
[WhiteFideId "6300545"]
[BlackFideId "13511173"]
[EventDate "29.12.2022"]

1. e4 e5 2. Nf3 Nc6 3. Bb5 a6 4. Ba4 Nf6 5. d3 d6 6. c3 g6 7. O-O Bg7 8. Re1 O-O
9. h3 h6 10. Be3 Kh7 11. Nbd2 Bd7 12. d4 Qe8 13. Bb3 Rd8 14. d5 Ne7 15. c4 b6
16. Bc2 a5 17. a3 a4 18. Nb1 Nh5 19. Nc3 Ra8 20. Nb5 Bxb5 21. cxb5 Qxb5 22. Rc1
Nf4 23. Kh2 Qd7 24. Ng1 Nh5 25. Bd2 Kg8 26. Rf1 c6 27. Bxa4 b5 28. dxc6 Nxc6 29.
Bxb5 Rfc8 30. Qc2 Nd4 31. Bxd7 Rxc2 32. Rxc2 Nxc2 33. Ne2 Nf6 34. Rc1 Nxd7 35.
Rxc2 Nc5 36. f3 f5 37. Be3 Ne6 38. Rc6 Bf8 39. Nc3 Rb8 40. b4 h5 41. Nd5 Ra8 42.
Rc3 f4 43. Bf2 Kf7 44. b5 g5 45. b6 g4 46. hxg4 hxg4 47. fxg4 Be7 48. Kg1 Bd8
49. Rb3 Bxb6 50. Nxb6 Rb8 51. a4 Ng5 52. Rb4 Ke6 53. a5 f3 54. a6 fxg2 55. a7 1-0

[Event "Mondiale Lampo FIDE 2022"]
[Site "Alma Ata"]
[Date "29.12.2022"]
[Round "5.56"]
[White "Isanzhulov, Arystan"]
[Black "Pantsulaia, Levan"]
[Result "1-0"]
[WhiteTitle ""]
[BlackTitle ""]
[WhiteElo "2313"]
[BlackElo "2597"]
[WhiteFideId "13711644"]
[BlackFideId "13602071"]
[EventDate "29.12.2022"]

1. e4 c5 2. d4 cxd4 3. c3 Nf6 4. e5 Nd5 5. Nf3 e6 6. cxd4 b6 7. a3 Bb7 8. Bd3 d6
9. O-O Nd7 10. Qe2 Be7 11. Rd1 Rc8 12. Bd2 dxe5 13. dxe5 O-O 14. Qe4 g6 15. Qg4
Qc7 16. Qg3 Nc5 17. Bc2 Rfd8 18. Bh6 Nd7 19. Bd3 Nc5 20. Bc2 Bf8 21. Bg5 Rd7 22.
Qh4 Bg7 23. Nbd2 Bxe5 24. Nxe5 Qxe5 25. b4 Nc3 26. Bf6 Qf4 27. Qxf4 Ne2+ 28. Kf1
Nxf4 29. bxc5 Bxg2+ 30. Kg1 Rxc5 31. Ne4 Rxd1+ 32. Rxd1 Rc8 33. Be5 Bf3 34. Nf6+
Kf8 35. Nd7+ Ke7 36. Rd2 Nh3+ 37. Kf1 Rc4 38. Bf6+ Ke8 39. Ne5 Rc8 40. Nxf3 Nf4
41. Ne5 Nd5 42. Bh4 f6 43. Nf3 Ke7 44. Bg3 Rc3 45. Be4 Rxa3 46. Bxd5 exd5 47.
Ke2 Ke6 48. Nd4+ Kf7 49. Nb5 Ra5 50. Nc7 g5 51. Rxd5 Ra2+ 52. Rd2 Ra4 53. Nb5 h5
54. h3 Kg6 55. Bb8 a6 56. Nc3 Ra3 57. Rd3 b5 58. Nd5 Ra2+ 59. Rd2 Ra3 60. Bd6
Rxh3 61. Ra2 Rh1 62. Rxa6 Kf5 63. Bb8 h4 64. Rxf6+ Ke4 65. Nc3+ Kd4 66. Nxb5+
Ke4 67. Nd6+ Kd5 68. Rf5+ Ke6 69. Rxg5 Rb1 70. Rg6+ Ke5 71. Ba7 h3 72. Nc4+ Kd5
73. Ne3+ Ke4 74. Rg4+ Ke5 75. Bd4+ Ke6 76. Rh4 1-0

[Event "Mondiale Lampo FIDE 2022"]
[Site "Alma Ata"]
[Date "29.12.2022"]
[Round "5.57"]
[White "Khusenkhojaev, Mustafokhuja"]
[Black "Vallejo Pons, Francisco"]
[Result "0-1"]
[BlackTitle ""]
[WhiteElo "2265"]
[BlackElo "2716"]
[WhiteFideId "14700727"]
[BlackFideId "2205530"]
[EventDate "29.12.2022"]

1. d4 e6 2. c4 b6 3. Nf3 Bb7 4. g3 Bb4+ 5. Bd2 Bxf3 6. exf3 Bxd2+ 7. Qxd2 Nf6 8.
Nc3 O-O 9. Bg2 c6 10. O-O d5 11. b3 Nbd7 12. f4 g6 13. Rfd1 Rc8 14. Rac1 Ne8 15.
h4 Nd6 16. Qe2 Nf6 17. Bf3 h5 18. Kg2 Nf5 19. Qe5 Nd7 20. Qe2 Re8 21. Qb2 Qe7
22. cxd5 exd5 23. Rd2 Qf6 24. Ne2 Nf8 25. Rdc2 Qd6 26. Nc3 Ne6 27. Nxd5 Nexd4
28. Rxc6 Rxc6 29. Rxc6 Nxc6 30. Nf6+ Kf8 31. Nxe8 Kxe8 32. Qh8+ Ke7 33. Qa8 Nfd4
34. Qb7+ Kf6 35. Be4 Qe6 36. f3 Kg7 37. Qc7 Qe7 38. Qc8 Qd8 39. Qa6 Qd6 40. Qb7
Nb4 41. Qxa7 Nf5 42. Qb7 Qd2+ 43. Kh3 Ne3 0-1

[Event "Mondiale Lampo FIDE 2022"]
[Site "Alma Ata"]
[Date "29.12.2022"]
[Round "5.58"]
[White "Nogerbek, Kazybek"]
[Black "Grischuk, Alexander"]
[Result "0-1"]
[WhiteTitle ""]
[BlackTitle ""]
[WhiteElo "2468"]
[BlackElo "2745"]
[WhiteFideId "13710427"]
[BlackFideId "4126025"]
[EventDate "29.12.2022"]

1. Nf3 g6 2. e4 Bg7 3. d4 d6 4. Bc4 Nc6 5. O-O Nf6 6. Qe2 Bg4 7. c3 e5 8. Rd1
O-O 9. h3 Bxf3 10. Qxf3 Nd7 11. Be3 Kh8 12. dxe5 Ncxe5 13. Qe2 f5 14. exf5 gxf5
15. Nd2 f4 16. Bd4 f3 17. Nxf3 Nxf3+ 18. gxf3 Ne5 19. Bxe5 Bxe5 20. Rd5 Qg5+ 21.
Kf1 c6 22. Rdd1 Rae8 23. f4 Qxf4 24. Bd3 Qh2 25. Ke1 Bf4 0-1

[Event "Mondiale Lampo FIDE 2022"]
[Site "Alma Ata"]
[Date "29.12.2022"]
[Round "5.59"]
[White "Suleymanli, Aydin"]
[Black "Moussard, Jules"]
[Result "1/2-1/2"]
[WhiteTitle ""]
[BlackTitle ""]
[WhiteElo "2543"]
[BlackElo "2684"]
[WhiteFideId "13413937"]
[BlackFideId "642908"]
[EventDate "29.12.2022"]

1. c4 e6 2. Nc3 d5 3. d4 Nf6 4. cxd5 exd5 5. Bg5 c6 6. e3 Be7 7. Bd3 h6 8. Bh4
O-O 9. Nge2 Ne8 10. Bg3 Nd6 11. Qc2 Re8 12. O-O Bf8 13. b4 Nd7 14. b5 Nb6 15.
bxc6 bxc6 16. Na4 Bd7 17. Nc5 Nbc4 18. Nc3 Bc8 19. a4 Qa5 20. Rfb1 Be6 21. Nb7
Nxb7 22. Rxb7 Nd6 23. Rbb1 Rac8 24. Qb2 c5 25. Nb5 Nc4 26. Qe2 Nd2 27. Rb2 Ne4
28. Bxe4 dxe4 29. dxc5 Bxc5 30. Nd6 Bxd6 31. Bxd6 Red8 32. Bb4 Qe5 1/2-1/2

[Event "Mondiale Lampo FIDE 2022"]
[Site "Alma Ata"]
[Date "29.12.2022"]
[Round "5.60"]
[White "Tsydypov, Zhamsaran"]
[Black "Puranik, Abhimanyu"]
[Result "1-0"]
[WhiteTitle ""]
[BlackTitle ""]
[WhiteElo "2534"]
[BlackElo "2616"]
[WhiteFideId "4108566"]
[BlackFideId "5061245"]
[EventDate "29.12.2022"]

1. e4 e5 2. Nf3 Nc6 3. Bc4 Bc5 4. d3 Nf6 5. Bg5 h6 6. Bh4 d6 7. c3 a5 8. Nbd2
Qe7 9. Nf1 Be6 10. Bb5 O-O 11. Ne3 Nb8 12. O-O c6 13. Ba4 Nbd7 14. d4 Ba7 15. d5
g5 16. dxe6 fxe6 17. Bg3 Nxe4 18. Bc2 Ndf6 19. Bxe4 Nxe4 20. Qc2 Nxg3 21. hxg3
Qg7 22. Nc4 g4 23. Nh4 d5 24. Nxa5 e4 25. Nb3 Rf6 26. c4 Raf8 27. c5 b6 28. Rae1
Qe7 29. Nd4 e5 30. cxb6 Bxb6 31. Ndf5 Qd7 32. Ne3 d4 33. Qb3+ Kh7 34. Qxb6 dxe3
35. Qxe3 Kg7 36. Qxe4 1-0

[Event "Mondiale Lampo FIDE 2022"]
[Site "Alma Ata"]
[Date "29.12.2022"]
[Round "5.61"]
[White "Aravindh, Chithambaram VR."]
[Black "Nesterov, Arseniy"]
[Result "1/2-1/2"]
[WhiteTitle ""]
[BlackTitle ""]
[WhiteElo "2607"]
[BlackElo "2573"]
[WhiteFideId "5072786"]
[BlackFideId "24198455"]
[EventDate "29.12.2022"]

1. e4 e5 2. Bc4 Nf6 3. d3 Nc6 4. Nc3 Na5 5. Nge2 d6 6. Ng3 Be7 7. a4 Nxc4 8.
dxc4 O-O 9. O-O h6 10. b3 a5 11. Kh1 Be6 12. Qd3 Nd7 13. Nf5 Bg5 14. Qg3 Bxf5
15. exf5 Bxc1 16. Raxc1 Nf6 17. Rcd1 Re8 18. Qf3 e4 19. Qf4 Qe7 20. Nd5 Nxd5 21.
Rxd5 Qf6 22. Re1 Re7 23. h3 Rae8 24. Re3 Re5 25. Rxe5 Qxe5 26. Qxe5 Rxe5 27. g4
g6 28. fxg6 fxg6 29. Kg2 Kf7 30. Re1 Kf6 31. Kg3 g5 32. Kg2 Re6 33. Kf1 Ke5 34.
Rd1 c6 35. Ke2 Rf6 36. Rh1 Rf4 37. Rd1 Rf3 38. Rh1 Kf4 39. h4 Kxg4 40. hxg5 Kxg5
41. Rg1+ Kf6 42. Rh1 Kg6 43. Rg1+ Kf6 44. Rg8 Rc3 45. Kd2 Rf3 46. Ke2 Rc3 47.
Kd2 Rf3 48. Ke2 1/2-1/2

[Event "Mondiale Lampo FIDE 2022"]
[Site "Alma Ata"]
[Date "29.12.2022"]
[Round "5.62"]
[White "Kostenko, Petr"]
[Black "Jobava, Baadur"]
[Result "1-0"]
[WhiteTitle ""]
[BlackTitle ""]
[WhiteElo "2374"]
[BlackElo "2578"]
[WhiteFideId "13700669"]
[BlackFideId "13601520"]
[EventDate "29.12.2022"]

1. c4 g6 2. g3 Bg7 3. Bg2 e5 4. Nc3 d6 5. e4 Ne7 6. Nge2 O-O 7. O-O Nd7 8. d3 a5
9. Be3 Nc5 10. Qd2 Nc6 11. Nd5 Be6 12. f4 f5 13. exf5 Bxf5 14. d4 Ne4 15. Qd1
exf4 16. Nexf4 Qd7 17. Kh1 Rae8 18. Bg1 h5 19. Rc1 Kh7 20. a3 Bh6 21. Ne3 Ne7
22. Nxf5 Nxf5 23. Qd3 Nf6 24. Rce1 c6 25. d5 Rxe1 26. Rxe1 Bxf4 27. gxf4 c5 28.
Bh3 Ng4 29. Re6 b6 30. Qe2 Ngh6 31. Qe4 Qf7 32. b4 Rd8 33. b5 Rd7 34. Bf2 Qg7
35. Kg2 Rf7 36. Re8 Re7 37. Rxe7 Qxe7 38. Qxe7+ Nxe7 39. Bh4 Nhg8 40. Be6 Kg7
41. Bxg8 Nxg8 42. Bd8 a4 43. Bxb6 Kf7 44. Bc7 Ke7 45. b6 Kd7 46. Bb8 Kc8 47.
Bxd6 Nf6 48. Bxc5 Ne4 49. Bd4 Nd2 50. c5 Nb3 51. Be3 Na5 52. c6 Nc4 53. Bc5 1-0